[Event "15th Padova Open 2012"]
[Site "Padova ITA"]
[Date "2012.12.23"]
[Round "9.1"]
[White "Sanchez, Joseph"]
[Black "Burmakin, V."]
[Result "1-0"]
[WhiteElo "2533"]
[BlackElo "2558"]
[PlyCount "131"]
[EventDate "2012.12.16"]
[SourceDate "1999.07.01"]

1. e4 c6 2. d4 d5 3. e5 Bf5 4. Be3 Qb6 5. Qc1 e6 6. c4 Bxb1 7. Rxb1 Bb4+ 8. Kd1
dxc4 9. Nf3 Ne7 10. a3 Ba5 11. Bxc4 Qc7 12. Ke2 Nf5 13. Bf4 Nd7 14. Bd3 Nf8 15.
g4 Ne7 16. Ng5 Qd7 17. Ne4 Nfg6 18. Nd6+ Kf8 19. Be3 Bb6 20. h4 Nc8 21. h5 Nge7
22. h6 Nxd6 23. hxg7+ Kxg7 24. Bh6+ Kg8 25. Bg7 Ne4 26. Bxh8 Qxd4 27. Qh6 Ng3+
28. fxg3 Qxg4+ 29. Kd2 Nf5 30. Qxh7+ Kf8 31. Bxf5 exf5 32. Bg7+ Qxg7 33. Qh8+
Qg8 34. Qxg8+ Kxg8 35. Rbf1 Rd8+ 36. Kc2 Be3 37. Rxf5 Rd2+ 38. Kc3 Rg2 39. Rf3
Bf2 40. Rh5 c5 41. Rg5+ Kf8 42. Kc4 Ke7 43. Kd5 Bg1 44. Rg7 Rd2+ 45. Kc4 b5+
46. Kxb5 Rxb2+ 47. Kc4 Ke6 48. Rfxf7 Rc2+ 49. Kb3 Rg2 50. Re7+ Kd5 51. Rd7+
Kxe5 52. Rde7+ Kd6 53. Rd7+ Ke6 54. Ka4 Bd4 55. Rge7+ Kf6 56. Rxa7 Rxg3 57. Re2
c4 58. Rc7 c3 59. Rc4 Be5 60. Rc6+ Kf5 61. Rc5 Rg4+ 62. Kb3 Re4 63. Rxe4 Kxe4
64. a4 Bd4 65. Rc4 Kd5 66. a5 1-0

[Event "Amplico ch-EUR Rapid"]
[Site "Warsaw POL"]
[Date "2012.12.15"]
[Round "7.10"]
[White "Kulaots, K."]
[Black "Fridman, D."]
[Result "1/2-1/2"]
[WhiteElo "2581"]
[BlackElo "2667"]
[PlyCount "106"]
[EventDate "2012.12.15"]
[SourceDate "1999.07.01"]

1. e4 c6 2. d4 d5 3. Nc3 dxe4 4. Nxe4 Bf5 5. Ng3 Bg6 6. h4 h6 7. Nf3 e6 8. Ne5
Bh7 9. Bd3 Bxd3 10. Qxd3 Nf6 11. Bd2 Nbd7 12. f4 Bd6 13. O-O-O O-O 14. Kb1 Rc8
15. Qf3 c5 16. Nxd7 Qxd7 17. dxc5 Bxc5 18. Bc3 Qc6 19. Qxc6 Rxc6 20. Bxf6 gxf6
21. Ne4 f5 22. Nxc5 Rxc5 23. Rd7 Rfc8 24. c3 R8c7 25. Rhd1 Kg7 26. h5 b5 27.
Kc2 a5 28. Rxc7 Rxc7 29. Rd4 Rc5 30. a4 e5 31. fxe5 bxa4 32. Rxa4 Rxe5 33. Kd3
f4 34. Rxf4 Rxh5 35. c4 Rg5 36. Rf2 Kf8 37. Re2 Rg4 38. c5 Rb4 39. c6 Rb6 40.
Rc2 Rb8 41. c7 Rc8 42. Ke4 Ke7 43. Kf5 h5 44. Kg5 Kd6 45. Kxh5 Rxc7 46. Rxc7
Kxc7 47. Kg5 Kd6 48. Kf6 Kc5 49. g4 Kb4 50. g5 Kb3 51. Kxf7 Kxb2 52. g6 a4 53.
g7 a3 1/2-1/2

[Event "Amplico ch-EUR Blitz"]
[Site "Warsaw POL"]
[Date "2012.12.14"]
[Round "4.1"]
[White "Naiditsch, A."]
[Black "Turov, M."]
[Result "1-0"]
[WhiteElo "2708"]
[BlackElo "2630"]
[PlyCount "47"]
[EventDate "2012.12.14"]
[SourceDate "1999.07.01"]

1. e4 c6 2. d4 d5 3. exd5 cxd5 4. c4 Nf6 5. Nc3 Nc6 6. Bg5 Be6 7. Be2 h6 8.
Bxf6 exf6 9. Bf3 Bb4 10. Nge2 O-O 11. O-O Ne7 12. c5 Ba5 13. Nf4 Bxc3 14. bxc3
b6 15. Re1 Qd7 16. Qe2 bxc5 17. Nxe6 fxe6 18. Qxe6+ Qxe6 19. Rxe6 Ng6 20. dxc5
Nf4 21. Rd6 Rac8 22. g3 Nd3 23. Bxd5+ Kh8 24. c6 1-0

[Event "5th Kolkata Open"]
[Site "Kolkata IND"]
[Date "2012.12.07"]
[Round "5.5"]
[White "Ganguly, S."]
[Black "Arun Prasad, S."]
[Result "1/2-1/2"]
[WhiteElo "2630"]
[BlackElo "2513"]
[PlyCount "124"]
[EventDate "2012.12.03"]
[SourceDate "1999.07.01"]

1. e4 c6 2. d4 d5 3. Nd2 dxe4 4. Nxe4 Nd7 5. Ng5 Ndf6 6. Bc4 Nd5 7. N1f3 g6 8.
O-O Bg7 9. h3 Nh6 10. Re1 Nf5 11. Ne4 O-O 12. c3 Nd6 13. Bd3 Nxe4 14. Bxe4 Qd6
15. Bg5 Nf6 16. Bc2 Be6 17. Qd2 c5 18. dxc5 Qxc5 19. Nd4 Bd5 20. Bh6 e6 21. Re5
Rfd8 22. Rae1 Bxh6 23. Qxh6 Qf8 24. Qh4 Qg7 25. f4 Bc6 26. Bb3 Bd5 27. Bc2 Bc6
28. Qf2 Rd5 29. Bb3 Rd6 30. Nxc6 Rxc6 31. Rd1 Qf8 32. Qd4 Ne8 33. Ree1 Rd6 34.
Qb4 b6 35. Rxd6 Nxd6 36. Rd1 Rd8 37. Bc2 Qe7 38. a3 Qc7 39. Qd4 Nb7 40. Qe3
Rxd1+ 41. Bxd1 Kf8 42. Bf3 Nd6 43. Qe5 Qc5+ 44. Qxc5 bxc5 45. Be2 c4 46. Kf2 f6
47. Bf3 Ke7 48. h4 h6 49. Bc6 e5 50. fxe5 fxe5 51. Bd5 Kf6 52. Kf3 Kf5 53. g4+
Kf6 54. Ke3 g5 55. h5 Ke7 56. Bg8 Kd7 57. Bd5 Kc7 58. Be6 Kc6 59. Bg8 Kb5 60.
Bh7 Kc6 61. Bc2 Kd5 62. Bg6 Kc5 1/2-1/2

[Event "5th Kolkata Open"]
[Site "Kolkata IND"]
[Date "2012.12.08"]
[Round "6.1"]
[White "Sethuraman, S."]
[Black "Vidit, S."]
[Result "1/2-1/2"]
[WhiteElo "2520"]
[BlackElo "2527"]
[PlyCount "88"]
[EventDate "2012.12.03"]
[SourceDate "1999.07.01"]

1. e4 c6 2. d4 d5 3. Nc3 dxe4 4. Nxe4 Bf5 5. Ng3 Bg6 6. Nh3 e6 7. Nf4 Qh4 8.
Be3 Bb4+ 9. c3 Bd6 10. Qd2 Bxf4 11. Bxf4 h6 12. Bc4 Nf6 13. O-O O-O 14. Ne2
Nbd7 15. Bb3 Rfe8 16. f3 Rad8 17. Bc7 Rc8 18. Bd6 Qg5 19. Rad1 Qxd2 20. Rxd2
Nb6 21. Nf4 Bh7 22. Re1 Rcd8 23. Bc7 Rc8 24. Be5 Nfd7 25. Bd6 c5 26. dxc5 Nxc5
27. Red1 Nxb3 28. axb3 Nd5 29. Nxd5 exd5 30. Rxd5 Re2 31. Ba3 Rce8 32. Rd8 Bf5
33. R1d5 Bc8 34. Rd2 R2e6 35. Bc5 a6 36. Kf2 f6 37. g4 Kf7 38. c4 Rxd8 39. Rxd8
Re8 40. Rd5 Be6 41. Rd6 h5 42. gxh5 Rh8 43. Bd4 Rxh5 44. Rd8 b5 1/2-1/2

[Event "5th Kolkata Open"]
[Site "Kolkata IND"]
[Date "2012.12.13"]
[Round "11.12"]
[White "Gopal, G."]
[Black "Arun Prasad, S."]
[Result "1/2-1/2"]
[WhiteElo "2547"]
[BlackElo "2513"]
[PlyCount "64"]
[EventDate "2012.12.03"]
[SourceDate "1999.07.01"]

1. e4 c6 2. d4 d5 3. e5 Bf5 4. Nf3 e6 5. Be2 Nd7 6. O-O Bg6 7. Nbd2 Nh6 8. c3
Be7 9. Ne1 c5 10. Ndf3 Nf5 11. Nd3 cxd4 12. cxd4 Nb8 13. Nf4 Nc6 14. g4 Nh4 15.
Nxh4 Bxh4 16. Nxg6 hxg6 17. Be3 Be7 18. Kg2 Qb6 19. Rb1 g5 20. b4 Rc8 21. Bd3
f6 22. Qc2 Kd7 23. Qa4 Kd8 24. Rfc1 Nxd4 25. Rxc8+ Kxc8 26. Rc1+ Kd8 27. Bxd4
Qxd4 28. Qc2 Qxg4+ 29. Kf1 Qh3+ 30. Ke2 Qg4+ 31. Kf1 Qh3+ 32. Ke2 Qg4+ 1/2-1/2

[Event "Doroshkevicha Mem Open 2012"]
[Site "Sochi RUS"]
[Date "2012.12.04"]
[Round "9"]
[White "Landa, K."]
[Black "Burmakin, V."]
[Result "1/2-1/2"]
[WhiteElo "2640"]
[BlackElo "2561"]
[PlyCount "56"]
[EventDate "2012.11.26"]
[SourceDate "1999.07.01"]

1. e4 c6 2. d4 d5 3. Nd2 h6 4. exd5 cxd5 5. Bd3 Nc6 6. c3 Nf6 7. h3 e5 8. dxe5
Nxe5 9. Ndf3 Nxd3+ 10. Qxd3 Qb6 11. Ne2 Bc5 12. O-O O-O 13. Ned4 Ne4 14. b4
Bxd4 15. Nxd4 Bd7 16. f3 Nd6 17. Be3 Rfc8 18. a4 Qc7 19. Bf4 Qc4 20. Rfd1 Qxd3
21. Rxd3 Nc4 22. Nb5 Bxb5 23. axb5 Rd8 24. Bc7 Rdc8 25. Bf4 Rd8 26. Bc7 Rdc8
27. Bf4 Rd8 28. Bc7 Rdc8 1/2-1/2

[Event "Russia Cup Final 2012"]
[Site "Khanty-Mansiisk RUS"]
[Date "2012.12.04"]
[Round "1.1"]
[White "Timofeev, Arty"]
[Black "Bocharov, D."]
[Result "1-0"]
[WhiteElo "2598"]
[BlackElo "2620"]
[PlyCount "97"]
[EventDate "2012.12.04"]
[SourceDate "1999.07.01"]

1. e4 c6 2. d4 d5 3. f3 Qb6 4. Nc3 dxe4 5. Nxe4 Bf5 6. c3 Nd7 7. Bd3 e5 8. Ne2
exd4 9. Nxd4 Bg6 10. Bg5 Ngf6 11. Nxf6+ gxf6 12. Qe2+ Be7 13. Be3 Bxd3 14. Qxd3
Qxb2 15. O-O Ne5 16. Qe4 Qxc3 17. Rab1 O-O 18. f4 Ng6 19. f5 Ne5 20. Rb3 Qc4
21. Rc1 Qa4 22. Bh6 Kh8 23. Bg7+ Kxg7 24. Ne6+ fxe6 25. Qxa4 b5 26. Qh4 exf5
27. Rh3 Rh8 28. Qh6+ Kf7 29. Qh5+ Ke6 30. Rf1 Kd6 31. Qxf5 h6 32. Rg3 Rag8 33.
Ra3 Rg5 34. Qf2 Ke6 35. Rc3 Rhg8 36. g3 h5 37. h4 R5g7 38. Qf5+ Kd6 39. Kg2 Kc7
40. Qxh5 Kb6 41. Qe2 Nc4 42. Kh3 Bb4 43. Rb3 a5 44. Rxf6 Bd6 45. Qf2+ Bc5 46.
Qg2 Ne5 47. Qb2 Nc4 48. Qg2 Ne5 49. Qe2 1-0

[Event "22nd TCh-SLO 2012"]
[Site "Slovenia SLO"]
[Date "2012.11.23"]
[Round "1"]
[White "Pavasovic, D."]
[Black "Solak, D."]
[Result "1/2-1/2"]
[WhiteElo "2555"]
[BlackElo "2597"]
[PlyCount "110"]
[EventDate "2012.11.23"]
[SourceDate "1999.07.01"]
[WhiteTeam "SD Tehcenter Ptuj"]
[BlackTeam "SD dr. Milan Vidmar LJ"]

1. e4 c6 2. d4 d5 3. Nc3 dxe4 4. Nxe4 Bf5 5. Ng3 Bg6 6. Nh3 e6 7. Nf4 Qc7 8. c3
Nf6 9. h4 Bd6 10. Qf3 Nbd7 11. h5 Bc2 12. h6 gxh6 13. Bd3 Bxd3 14. Nxd3 Rg8 15.
Nh5 Nxh5 16. Rxh5 Rg6 17. Bxh6 Nf6 18. Rh4 Nd5 19. Bd2 Rg3 20. Qe4 Nf6 21. Qe2
Rxg2 22. O-O-O Qa5 23. Nf4 Bxf4 24. Rxf4 Qh5 25. Qf1 Rg6 26. c4 Nd7 27. Qd3 Rf6
28. Re1 Rxf4 29. Bxf4 Qa5 30. Rg1 O-O-O 31. Kb1 Ne5 32. Qxh7 Nf3 33. Qxf7 Nxg1
34. Qxe6+ Rd7 35. Qg8+ Qd8 36. Qxg1 Rxd4 37. Qg4+ Rd7 38. a3 b6 39. Be5 Kb7 40.
f4 Rd1+ 41. Ka2 Qd3 42. Qg7+ Ka6 43. Qg8 Qb1+ 44. Kb3 Rd3+ 45. Bc3 Qd1+ 46. Ka2
Rd8 47. Qe6 Qd7 48. Qxd7 Rxd7 49. a4 Rd3 50. f5 Rf3 51. f6 Kb7 52. Kb1 Kc7 53.
Be5+ Kd7 54. Bb8 Kc8 55. Be5 Rf5 1/2-1/2

[Event "22nd TCh-SLO 2012"]
[Site "Slovenia SLO"]
[Date "2012.11.24"]
[Round "2"]
[White "Solak, D."]
[Black "Ruck, R1."]
[Result "1/2-1/2"]
[WhiteElo "2597"]
[BlackElo "2568"]
[PlyCount "75"]
[EventDate "2012.11.23"]
[SourceDate "1999.07.01"]
[WhiteTeam "SD dr. Milan Vidmar LJ"]
[BlackTeam "SD Radenska Pomgrad"]

1. e4 c6 2. d4 d5 3. Nc3 dxe4 4. Nxe4 Bf5 5. Ng3 Bg6 6. Nh3 Nf6 7. Nf4 Nbd7 8.
Bc4 e5 9. Nxg6 hxg6 10. O-O Be7 11. dxe5 Nxe5 12. Bb3 Qxd1 13. Rxd1 O-O 14. Re1
Bd6 15. Ne4 Bb4 16. Nxf6+ gxf6 17. Re4 Rfd8 18. Be3 Bf8 19. Re1 Nd7 20. Rg4 Kg7
21. Bd4 Re8 22. Rge4 Rxe4 23. Rxe4 Nc5 24. Rf4 Be7 25. g4 Nxb3 26. axb3 g5 27.
Rf5 Kg6 28. b4 Rd8 29. c3 a6 30. f4 gxf4 31. Kg2 Rd5 32. Rxf4 f5 33. Kf3 fxg4+
34. Rxg4+ Kf5 35. Re4 Bd8 36. Re8 Bg5 37. Rh8 Rd7 38. h4 1/2-1/2

[Event "62nd ch-HUN 2012"]
[Site "Heviz HUN"]
[Date "2012.11.28"]
[Round "7.4"]
[White "Pap, G."]
[Black "Prohaszka, P2."]
[Result "0-1"]
[WhiteElo "2553"]
[BlackElo "2573"]
[PlyCount "78"]
[EventDate "2012.11.22"]
[SourceDate "1999.07.01"]

1. e4 c6 2. d4 d5 3. e5 Bf5 4. Be3 e6 5. Nd2 Nd7 6. Ngf3 Bg6 7. Be2 Ne7 8. Nh4
Nf5 9. Nxf5 Bxf5 10. g4 Bg6 11. h4 f6 12. h5 Bf7 13. Nf3 Qc7 14. Bf4 fxe5 15.
Nxe5 Bd6 16. Nxf7 Kxf7 17. Be3 Rhf8 18. g5 Kg8 19. Bd3 e5 20. Qg4 Rae8 21. Bf5
Rxf5 22. Qxf5 exd4 23. g6 Nf8 24. gxh7+ Nxh7 25. O-O-O dxe3 26. fxe3 Qf7 27.
Qd3 Qf3 28. Kb1 Qxe3 29. Qg6 Re6 30. Qg4 Nf6 31. Qf5 Qe5 32. Qf2 Qe3 33. Qf5
Qe4 34. Qf2 Ng4 35. Qxa7 Ne3 36. Rc1 Nxc2 37. h6 Na3+ 38. Ka1 Qb1+ 39. Rxb1
Nc2# 0-1

[Event "XXVI Belgrade Trophy 2012"]
[Site "Belgrade SRB"]
[Date "2012.12.02"]
[Round "9.2"]
[White "Savic, Miod1"]
[Black "Nabaty, T."]
[Result "0-1"]
[WhiteElo "2530"]
[BlackElo "2569"]
[PlyCount "87"]
[EventDate "2012.11.24"]
[SourceDate "1999.07.01"]

1. e4 c6 2. d4 d5 3. e5 c5 4. dxc5 e6 5. Nf3 Bxc5 6. Bd3 Ne7 7. O-O Nbc6 8. c3
Ng6 9. Qe2 O-O 10. b4 Bb6 11. a4 f6 12. Bxg6 hxg6 13. exf6 gxf6 14. Be3 e5 15.
Nbd2 Kg7 16. Rfd1 Be6 17. Bxb6 axb6 18. Nf1 Qc7 19. h3 Rfe8 20. Ne3 Rad8 21.
Rac1 Rd7 22. Nf1 Qd8 23. Qb2 Rd6 24. Ng3 Bf7 25. Qe2 f5 26. b5 Na5 27. Re1 f4
28. Nf1 Nb3 29. Rcd1 Nc5 30. Qc2 Qf6 31. N3h2 Be6 32. Qe2 Bf5 33. Ng4 Bxg4 34.
Qxg4 Nxa4 35. c4 Nc3 36. Rd3 d4 37. f3 Qf5 38. Rd2 Qxg4 39. hxg4 Kf6 40. Rd3 e4
41. fxe4 Rxe4 42. Ra1 Kg5 43. Ra7 Rd7 44. Nd2 0-1

[Event "TCh-CZE Extraliga 2012-13"]
[Site "Czech Republic CZE"]
[Date "2012.12.01"]
[Round "3.4"]
[White "Petr, Ma"]
[Black "Polak, T."]
[Result "1-0"]
[WhiteElo "2521"]
[BlackElo "2520"]
[PlyCount "99"]
[EventDate "2012.11.03"]
[SourceDate "1999.07.01"]
[WhiteTeam "Rapid Pardubice"]
[BlackTeam "SK Zikuda Turnov"]

1. e4 c6 2. d4 g6 3. Nc3 d5 4. Nf3 Bg7 5. h3 Nf6 6. e5 Ne4 7. Nxe4 dxe4 8. Ng5
c5 9. e6 f6 10. Nf7 Qxd4 11. Nxh8 Bxe6 12. Nxg6 hxg6 13. c3 Qxd1+ 14. Kxd1 Nc6
15. Kc2 c4 16. Be3 Bd5 17. Be2 Kf7 18. Rad1 e6 19. h4 f5 20. h5 Ne5 21. hxg6+
Kxg6 22. g4 f4 23. Bxf4 Nd3 24. Be3 b5 25. Rhf1 Rf8 26. Kb1 a5 27. Bxd3 cxd3
28. Rh1 b4 29. c4 Bxc4 30. Rc1 Bd5 31. Rc7 Rf7 32. Rxf7 Kxf7 33. Rc1 Kg6 34.
Rc5 a4 35. Ra5 a3 36. bxa3 Bc3 37. axb4 Bxb4 38. Ra4 Bc3 39. Kc1 Be1 40. Kd1
Bc3 41. Bd2 Be5 42. Ke1 Bd6 43. Ra6 Bc5 44. a4 Kf7 45. Ra5 Bd4 46. Rb5 Ke7 47.
a5 Kd7 48. g5 Kc6 49. Rb8 Be5 50. Rg8 1-0

[Event "TCh-CZE Extraliga 2012-13"]
[Site "Czech Republic CZE"]
[Date "2012.12.02"]
[Round "4.1"]
[White "Najer, E."]
[Black "Khenkin, I."]
[Result "1/2-1/2"]
[WhiteElo "2647"]
[BlackElo "2650"]
[PlyCount "56"]
[EventDate "2012.11.03"]
[SourceDate "1999.07.01"]
[WhiteTeam "Vystaviste Lysa nad Labem"]
[BlackTeam "SK Zikuda Turnov"]

1. e4 c6 2. d4 d5 3. e5 c5 4. dxc5 e6 5. Be3 Nh6 6. Nf3 Nc6 7. Bxh6 gxh6 8. Bb5
Bxc5 9. c4 dxc4 10. O-O Qxd1 11. Rxd1 Ke7 12. Nc3 Na5 13. Ne4 a6 14. Bxc4 Nxc4
15. Nxc5 Nxb2 16. Rd4 Rd8 17. Rxd8 Kxd8 18. Rb1 b6 19. Ne4 Nc4 20. Nd6 Nxd6 21.
exd6 b5 22. Ne5 Bb7 23. Rd1 Bd5 24. Rc1 Ra7 25. Nc6+ Bxc6 26. Rxc6 b4 27. Kf1
Kd7 28. Rb6 a5 1/2-1/2

[Event "2nd UNAM Open Section I 2012"]
[Site "Mexico City MEX"]
[Date "2012.11.25"]
[Round "7.1"]
[White "Ortiz Suarez, I."]
[Black "Macieja, B."]
[Result "0-1"]
[WhiteElo "2595"]
[BlackElo "2609"]
[PlyCount "106"]
[EventDate "2012.11.21"]
[SourceDate "1999.07.01"]

1. e4 c6 2. d4 d5 3. Nc3 dxe4 4. Nxe4 Bf5 5. Ng3 Bg6 6. h4 h6 7. Nf3 Nf6 8. h5
Bh7 9. Bd3 Bxd3 10. Qxd3 e6 11. Bd2 Be7 12. O-O-O O-O 13. Qe2 Nbd7 14. Ne5 c5
15. dxc5 Nxc5 16. Kb1 Qb6 17. Be3 Rac8 18. f4 Qa5 19. Bd2 Qc7 20. c4 a6 21.
Rhe1 Rfe8 22. Be3 Na4 23. Rc1 Bc5 24. Red1 Red8 25. Bxc5 Nxc5 26. Rxd8+ Rxd8
27. Rd1 Rxd1+ 28. Qxd1 Ncd7 29. Nxd7 Nxd7 30. Qd4 Nf6 31. a3 Kf8 32. Ne4 Nxh5
33. g3 Ke7 34. Qc3 a5 35. b4 Qc6 36. Qe5 axb4 37. axb4 f5 38. Nd2 Kf7 39. b5
Qd7 40. Kc2 Nxg3 41. Qe3 Nh5 42. Nf3 Kg8 43. Ne5 Qe7 44. b6 Nf6 45. Qd4 Qb4 46.
Nd3 Qa4+ 47. Kd2 Qa2+ 48. Nb2 Qa5+ 49. Kc2 Ne4 50. Kb3 Nc5+ 51. Kc2 Qxb6 52.
Qe5 Kh7 53. Qe3 Qc6 0-1

[Event "ch-Commonwealth 2012"]
[Site "Chennai IND"]
[Date "2012.11.26"]
[Round "6"]
[White "Oleksienko, M."]
[Black "Lalith, B."]
[Result "1/2-1/2"]
[WhiteElo "2551"]
[BlackElo "2528"]
[PlyCount "78"]
[EventDate "2012.11.23"]
[SourceDate "1999.07.01"]

1. e4 c6 2. d4 d5 3. e5 Bf5 4. h4 Qb6 5. Nc3 h5 6. Nge2 e6 7. Na4 Qa5+ 8. c3
Nd7 9. b4 Qc7 10. Ng3 Bg6 11. Be2 a5 12. b5 c5 13. Be3 cxd4 14. Bxd4 Nh6 15.
Bxh5 Bxh5 16. Qxh5 Qc4 17. Qd1 Be7 18. h5 Qxb5 19. Rb1 Qc6 20. Nb6 Rb8 21. Nxd7
Qxd7 22. Qd3 b5 23. O-O O-O 24. f4 f5 25. exf6 Bxf6 26. Ne2 Nf5 27. Bxf6 Rxf6
28. Nd4 Nxd4 29. Qxd4 Qf7 30. Qe5 Qa7+ 31. Kh2 Re8 32. Rxb5 Rf5 33. Qd4 Rxh5+
34. Kg1 Qe7 35. Rf3 Qh4 36. Rb7 Qe1+ 37. Rf1 Qg3 38. Rf3 Qe1+ 39. Rf1 Qg3
1/2-1/2

[Event "ch-Commonwealth 2012"]
[Site "Chennai IND"]
[Date "2012.11.26"]
[Round "6"]
[White "Sethuraman, S."]
[Black "Adly, A."]
[Result "0-1"]
[WhiteElo "2520"]
[BlackElo "2607"]
[PlyCount "78"]
[EventDate "2012.11.23"]
[SourceDate "1999.07.01"]

1. e4 c6 2. d4 d5 3. Nc3 dxe4 4. Nxe4 Nd7 5. Ng5 Ndf6 6. N1f3 g6 7. Bc4 Nd5 8.
Qe2 Bg7 9. Bd2 h6 10. Ne4 Ngf6 11. Nxf6+ Bxf6 12. h3 Be6 13. Bb3 Qc7 14. O-O g5
15. Qe4 O-O-O 16. c4 Nf4 17. d5 Bd7 18. Rae1 e6 19. Bxf4 gxf4 20. Rd1 Bxb2 21.
d6 Qa5 22. Qxf4 e5 23. Qd2 Bc3 24. Qe3 f6 25. c5 Bb4 26. Rc1 e4 27. Qxe4 Bxc5
28. Qf4 Bb6 29. Qxf6 Rhf8 30. Qxh6 Rxf3 31. gxf3 Qf5 32. f4 Bd4 33. Qg5 Qxh3
34. Rfd1 Bb6 35. Bd5 Rh8 36. Bg2 Qh7 37. Kf1 Rg8 38. Qe7 Qh2 39. Qe4 Rxg2 0-1

[Event "VIII Governor's Cup"]
[Site "Khanty-Mansiysk RUS"]
[Date "2012.11.16"]
[Round "2.1"]
[White "Geller, J."]
[Black "Khismatullin, D."]
[Result "1/2-1/2"]
[WhiteElo "2559"]
[BlackElo "2646"]
[PlyCount "69"]
[EventDate "2012.11.15"]
[SourceDate "1999.07.01"]

1. e4 c6 2. d4 d5 3. exd5 cxd5 4. c4 Nf6 5. Nc3 g6 6. Qb3 Bg7 7. cxd5 O-O 8.
Be2 b6 9. Bf3 Bb7 10. Nge2 Na6 11. O-O Qd7 12. Re1 Nc7 13. Nf4 Rab8 14. h3 Rfd8
15. Bd2 Ncxd5 16. Nfxd5 Nxd5 17. Nxd5 Bxd5 18. Bxd5 Qxd5 19. Rxe7 Qxb3 20. axb3
a5 21. Bf4 Rbc8 22. Bc7 Rxd4 23. Bxb6 Rb4 24. Bxa5 Rxb3 25. Bc3 Bxc3 26. bxc3
Rbxc3 27. Raa7 Rf8 28. Rac7 Rxc7 29. Rxc7 Kg7 30. h4 h5 31. g3 Kf6 32. Kg2 Kg7
33. Kg1 Kf6 34. Kg2 Kg7 35. Kg1 1/2-1/2

[Event "VIII Governor's Cup"]
[Site "Khanty-Mansiysk RUS"]
[Date "2012.11.22"]
[Round "8.5"]
[White "Frolyanov, D."]
[Black "Matlakov, M."]
[Result "1/2-1/2"]
[WhiteElo "2556"]
[BlackElo "2673"]
[PlyCount "153"]
[EventDate "2012.11.15"]
[SourceDate "1999.07.01"]

1. e4 c6 2. d4 d5 3. e5 Bf5 4. Nf3 e6 5. Be2 Nd7 6. O-O Bg6 7. Nbd2 Nh6 8. Nb3
Nf5 9. Bd2 Be7 10. g4 Nh4 11. Nxh4 Bxh4 12. f4 h6 13. f5 Bh7 14. Bd3 O-O 15.
Qe2 Qe7 16. Be1 Bxe1 17. Raxe1 Qg5 18. Kh1 Rae8 19. Nd2 f6 20. fxe6 Bxd3 21.
Qxd3 Rxe6 22. Qf5 Re7 23. Qxg5 hxg5 24. exf6 Rxe1 25. Rxe1 gxf6 26. Kg2 Kf7 27.
Nf1 Nb6 28. Nd2 Nc8 29. Kg3 Rh8 30. c3 a5 31. a4 b6 32. b4 Nd6 33. Rb1 axb4 34.
cxb4 Nc4 35. Nb3 Re8 36. Kf2 Rh8 37. Kg3 Ke7 38. a5 bxa5 39. bxa5 Rb8 40. a6
Kd6 41. a7 Ra8 42. Ra1 Kc7 43. Nc5 Nd6 44. h4 gxh4+ 45. Kxh4 Nb5 46. Kh5 Nxd4
47. Kg6 Kd6 48. Nb7+ Ke5 49. Nc5 Nb5 50. Nd7+ Kf4 51. Nxf6 Rxa7 52. Rc1 d4 53.
Rxc6 d3 54. Rc4+ Kf3 55. Ne4 Ke3 56. Rb4 Nd4 57. Nc3 d2 58. Nd1+ Kd3 59. Nf2+
Kc3 60. Rb8 Re7 61. Rc8+ Kb3 62. Rd8 Re4 63. g5 Rf4 64. Kh7 Kc3 65. Rc8+ Kb3
66. Rd8 Kc2 67. Rc8+ Kb1 68. Rd8 Rh4+ 69. Kg8 Kc1 70. g6 Kc2 71. g7 Nf5 72.
Rc8+ Kb3 73. Rd8 Nh6+ 74. Kh7 Nf5+ 75. Kg6 Nxg7 76. Rxd2 Ne6 77. Rd6 1/2-1/2

[Event "TCh-HUN 2012-13"]
[Site "Mako HUN"]
[Date "2012.11.18"]
[Round "4"]
[White "Kovacevic, A."]
[Black "Ruck, R1."]
[Result "0-1"]
[WhiteElo "2549"]
[BlackElo "2567"]
[PlyCount "86"]
[EventDate "2012.09.16"]
[SourceDate "1999.07.01"]
[WhiteTeam "ASS-Makoi SVSE"]
[BlackTeam "HVSE"]

1. e4 c6 2. d4 d5 3. Nc3 dxe4 4. Nxe4 Bf5 5. Ng3 Bg6 6. Nh3 Nf6 7. Bc4 Nbd7 8.
Nf4 e5 9. Nxg6 hxg6 10. O-O Be7 11. dxe5 Nxe5 12. Be2 Qxd1 13. Rxd1 O-O 14. Bg5
Rfe8 15. Re1 Ned7 16. Rad1 Nc5 17. Bc4 Na4 18. Bc1 Kf8 19. Kf1 Rad8 20. h3 Rxd1
21. Rxd1 Bd8 22. Rd4 Bb6 23. Rd1 Bc7 24. Ne2 Ne4 25. c3 Bb6 26. Bb3 Nac5 27.
Bc2 Nf6 28. Ng3 Bc7 29. Be3 Rxe3 30. fxe3 Bxg3 31. Ke2 Ke7 32. Kf3 Bc7 33. Ke2
Ncd7 34. Bb3 Ne5 35. Rd4 g5 36. Rd1 Ne4 37. g4 Bb6 38. Bc2 Nd6 39. Bd3 Ndc4 40.
Bxc4 Nxc4 41. b3 Nxe3 42. Rd3 Nd5 43. Rf3 Ke6 0-1

[Event "FIDE WCh Women World Cup"]
[Site "Khanty-Mansiysk RUS"]
[Date "2012.11.17"]
[Round "3.1"]
[White "Kosintseva, T."]
[Black "Kosintseva, N."]
[Result "1/2-1/2"]
[WhiteElo "2515"]
[BlackElo "2539"]
[PlyCount "129"]
[EventDate "2012.11.11"]
[SourceDate "1999.07.01"]

1. e4 c6 2. d4 d5 3. Nc3 dxe4 4. Nxe4 Bf5 5. Ng3 Bg6 6. Nf3 Nd7 7. h4 h6 8. h5
Bh7 9. Bd3 Bxd3 10. Qxd3 e6 11. Bd2 Ngf6 12. O-O-O Be7 13. Kb1 O-O 14. Qe2 Qb6
15. c4 Rfe8 16. Ne5 Rad8 17. Be3 c5 18. dxc5 Bxc5 19. Nxd7 Nxd7 20. Rhe1 Nf6
21. Bxc5 Qxc5 22. b3 a5 23. Qe3 Qc6 24. Qf3 Qc5 25. Qe3 Qb4 26. Kb2 a4 27. a3
Qxb3+ 28. Qxb3 axb3 29. Kxb3 Kf8 30. f3 Rxd1 31. Rxd1 Ke7 32. Re1 Kd6 33. Kb4
Kc7 34. Re5 Rd8 35. Ne4 Rd1 36. Nxf6 gxf6 37. Re3 Kc6 38. g4 Rd4 39. a4 Rf4 40.
a5 f5 41. Ra3 fxg4 42. fxg4 Rxg4 43. a6 bxa6 44. Rxa6+ Kb7 45. Rd6 Rg5 46. Rd7+
Kc6 47. Rxf7 Rxh5 48. Ra7 Re5 49. Kc3 h5 50. Kd4 Rg5 51. Ra6+ Kd7 52. c5 Rd5+
53. Kc4 Ke7 54. c6 Re5 55. Kd4 Re1 56. Ra5 Kd6 57. Rxh5 Kxc6 58. Re5 Rd1+ 59.
Ke4 Kd6 60. Ra5 Re1+ 61. Kd3 e5 62. Ra8 Rh1 63. Ke4 Rh4+ 64. Ke3 Rh3+ 65. Ke4
1/2-1/2

[Event "Siberian Bank Cup"]
[Site "Novosibirsk RUS"]
[Date "2012.11.17"]
[Round "6"]
[White "Rublevsky, S."]
[Black "Smirnov, P."]
[Result "1-0"]
[WhiteElo "2688"]
[BlackElo "2610"]
[PlyCount "60"]
[EventDate "2012.11.17"]
[SourceDate "1999.07.01"]

1. e4 c6 2. d4 d5 3. e5 Bf5 4. Nd2 e6 5. Nb3 Nd7 6. Nf3 Ne7 7. Be2 h6 8. O-O g5
9. Bd2 a5 10. a4 Bg7 11. c4 O-O 12. Re1 dxc4 13. Bxc4 Nd5 14. Bc3 Qb6 15. Qd2
Nxc3 16. bxc3 Rad8 17. Qe2 c5 18. Bb5 cxd4 19. cxd4 Nb8 20. Nfd2 Qa7 21. Nc4 f6
22. exf6 Rxf6 23. Ncxa5 Rdf8 24. Rac1 R6f7 25. Nc4 Bxd4 26. Nd6 Rf6 27. Nxf5
Rxf5 28. Qxe6+ Kg7 29. Bd3 Bxf2+ 30. Kh1 R5f6 1-0

[Event "Remco Heite Open 2012"]
[Site "Wolvega NED"]
[Date "2012.11.17"]
[Round "3.1"]
[White "Nijboer, F."]
[Black "L'Ami, E."]
[Result "1/2-1/2"]
[WhiteElo "2527"]
[BlackElo "2629"]
[PlyCount "134"]
[EventDate "2012.11.17"]
[SourceDate "1999.07.01"]

1. e4 c6 2. d4 d5 3. e5 Bf5 4. Nf3 e6 5. Be2 Ne7 6. O-O Nc8 7. Nbd2 Be7 8. Nb3
O-O 9. a4 Nd7 10. a5 a6 11. Bf4 c5 12. c4 dxc4 13. Bxc4 b5 14. axb6 Ncxb6 15.
Be2 Nd5 16. Bd2 Qb6 17. Ra4 Rfc8 18. Bc4 cxd4 19. Nbxd4 Bg6 20. b3 Qb7 21. Ra1
N5b6 22. Be2 Bc5 23. Ba5 Nd5 24. Qd2 h6 25. Rfe1 Bxd4 26. Nxd4 Nxe5 27. h3 Nc6
28. Nxc6 Rxc6 29. Bc4 Nb6 30. Be2 Nd5 31. Bc4 Rcc8 32. Qd4 Qa7 33. Qe5 Qc5 34.
h4 Nf6 35. Bd2 Qxe5 36. Rxe5 Be4 37. Rea5 Bd5 38. Bxa6 Rc2 39. Be3 Bxb3 40. Bd3
Rxa5 41. Rxa5 Rc8 42. Ra3 Bd5 43. f3 Nd7 44. Bd4 e5 45. Be3 Be6 46. Ra5 f6 47.
Kf2 Nf8 48. Bc5 Bf7 49. Bf5 Rd8 50. Ke3 h5 51. g4 hxg4 52. fxg4 Be6 53. Be7 Rc8
54. Bxf8 Bxf5 55. Bxg7 Rc3+ 56. Kd2 Rc2+ 57. Ke3 Rc3+ 58. Kd2 Rd3+ 59. Ke2 Kxg7
60. gxf5 Rd6 61. Ra8 Kh6 62. Rg8 Kh5 63. Rg6 Kxh4 64. Ke3 Kh5 65. Ke4 Rd4+ 66.
Ke3 Rf4 67. Rxf6 Kg5 1/2-1/2

[Event "Remco Heite Open 2012"]
[Site "Wolvega NED"]
[Date "2012.11.18"]
[Round "9.1"]
[White "Van den Doel, E."]
[Black "L'Ami, E."]
[Result "1/2-1/2"]
[WhiteElo "2570"]
[BlackElo "2629"]
[PlyCount "59"]
[EventDate "2012.11.17"]
[SourceDate "1999.07.01"]

1. e4 c6 2. d4 d5 3. exd5 cxd5 4. c4 Nf6 5. Nc3 g6 6. Qb3 e6 7. Nf3 Nc6 8. cxd5
exd5 9. Bb5 Bg7 10. Ne5 Bd7 11. Bxc6 Bxc6 12. Qa3 Qe7 13. Qxe7+ Kxe7 14. b3 Ne4
15. Ba3+ Ke8 16. Ne2 f6 17. Nxc6 bxc6 18. f3 Ng5 19. Nf4 Kd7 20. h4 Ne6 21.
Nxe6 Rhe8 22. h5 Rxe6+ 23. Kf2 g5 24. Rae1 Bf8 25. Rxe6 Kxe6 26. Bxf8 Rxf8 27.
Rc1 Kd6 28. Rc5 Kc7 29. b4 a6 30. Rc3 1/2-1/2